000 01170nam0a2200289 i 4500
001 RU\NLR\bibl\1920715
005 20240921121944.0
010 _a9785913800435
_9100
021 _aRU
_b2012-42157
_93121
035 _a(NLR Aleph) 001910175
090 _a3165486
_c3165486
100 _a20120704d2012 u y0rusy50 ca
101 0 _arus
102 _aRU
105 _aa |||||||||
200 1 _aПланирование НИР в интересах развития ВВТ
_e(методические разработки)
_fИ.А. Медяков
210 _aЮбилейный
_cПСТМ
_d2012
215 _a87 с.
_cил.
_d21
320 _aБиблиогр.: с. 83-87 (94 назв.)
606 1 _aВоенная техника
_jМетодические пособия
_xНаучно-исследовательская работа
_xПланирование
_yРоссийская Федерация
_92139420
_3RU\NLR\auth\661594138
686 _aЦ9е(2Р)я8
700 1 _aМедяков
_bИ. А.
_gИгорь Александрович
_4070
801 0 _aRU
_bNLR
_c20120704
_gRCR
801 1 _aRU
_bNLR
_c20120704
942 _cBOOK
980 _aNBR